Nazwij państwa po granicach i nazwach stolic - Statystyki

Ogólne statystyki
  • Ten quiz został rozwiązany 24 razy
  • Średni wynik to 13 z 16
Statystyki odpowiedzi
Obrazkowy Hint Odpowiedź % Poprawnych
Jego stolica to Canberra Australia
100%
Jego stolica to Kijów Ukraina
100%
Jego stolica to Pekin Chiny
95%
Jego stolica to Tallin Estonia
95%
Jego stolica to Meksyk Meksyk
95%
Jego stolica to Panama Panama
95%
Jego stolica to Warszawa Polska
95%
Jego stolica to Waszyngton Stany Zjednoczone
95%
Jego stolica to Londyn Wielka Brytania
95%
Jego stolica to Dżakarta Indonezja
90%
Jego stolica to Wellington Nowa Zelandia
90%
Jego stolica to Dhaka Bangladesz
75%
Jego stolica to Male Malediwy
75%
Jego stolica to Port Moresby Papua Nowa Gwinea
70%
Jego stolica to Port of Spain Trynidad i Tobago
45%
Jego stolica to Suva Fidżi
35%
Nie znaleziono quizów pasujących do podanych kryteriów
Rozkład punktacji
Procent ludzi z każdym wynikiem
Percentyl według liczby udzielonych odpowiedzi
Twoja historia wyników
Nie rozwiązałeś tego quizu